| 000 | 01498nam a2200361 c 4500 | ||
|---|---|---|---|
| 003 | BLK | ||
| 005 | 20231018151847.0 | ||
| 008 | 180409b bul|||||r ||||||| ||bul|| | ||
| 010 | _aKNG00143707000 | ||
| 020 |
_a978-954-8523-24-0 _bиздат.: Сонм |
||
| 040 | _aBLK | ||
| 041 |
_aBUL _cBUL |
||
| 072 | 7 |
_2bullib _aН85 _xДетска художествена литература Н |
|
| 080 |
_aПолска литература _b821.162.1 _x-93-32 _z821.162.1-93-32 |
||
| 100 | 1 |
_aКорчак, Януш _eпърви автор _gГолдшмит, Хенри _982632 |
|
| 700 | 1 |
_aБаженова, Пламена _eпрев. от пол. _935302 |
|
| 700 | 1 |
_aПраматаров, Веселин _eил. _9363960 |
|
| 139 |
_aКорчак, Януш _bК 85 |
||
| 245 | 1 | 0 |
_aКрал Матиуш Първи _bФантаст. повест за деца _cЯнуш Корчак; прев. от пол. Пламена Баженова; ил. Веселин Праматаров. |
| 257 | _aPOL | ||
| 260 |
_аСофия _bСонм _c2012 |
||
| 300 |
_a347 с. _bс цв. ил. _c21 см |
||
| 380 | _aDX | ||
| 500 | _aОриг. загл. Urrol Macius Pierwszy / Janusz Korczak. | ||
| 653 | _aдетска литература | ||
| 659 | _aН | ||
| 852 | _aЦб 259758 | ||
| 856 | 4 |
_qpdf _u |
|
| 856 | 4 |
_qpdf _u |
|
| 942 |
_cKNG _n0 _02 |
||
| 944 |
_aCR _c07.06.2013 _lИва Цветкова _k30543 |
||
| 944 |
_aED _c14.01.2016 _lф / _kПенка_Димитрова |
||
| 999 |
_c137730 _d137730 |
||